000 00815nam a22002297a 4500
999 _c9558
_d9558
003 AR-CdUCM
008 190328b ||||| |||| 00| 0 spa d
040 _aMUNICIPALIDAD PROVINCIAL DEL CUSCO
_cBIBLIOTECA MUNICIPAL DEL CUSCO
082 _a701.19 /
_bC33 / 1935
100 _aCastelnuovo, Elias
_923191
245 _aEl arte y las masas :
_bensayos sobre una nueva teoría de la actividad estética /
260 _aBuenos Aires :
_bClaridad,
_c[1935].
300 _a191 páginas ;
_c18 cm.
440 _aColección Claridad: "Escritores argentinos de hoy"
_925834
500 _aDonación de la familia Nieto.
650 _aArte - Ensayos
_925835
650 _aArte y sociedad
_925836
650 _aArte - Colectividad
_925837
650 _aArte - Filosofía
_924992
942 _2ddc
_cLIBROS
945 _alccs